000 00883nam a2200265Ia 4500
003 OSt
005 20220930092756.0
006 a|||||r|||| 00| 0
007 ta
008 220926b |||||||| |||| 00| 0 eng d
024 _a24646
037 _cTheses
040 _aCRL
_cCRL
_beng
041 _2eng
_aeng
100 _aAjay Kumar
110 _aUniversity OF Delhi. Faculty OF Medical Sciences. Department OF Urology
_9541765
245 0 _aComparative study of open versus laparoscopic pyeloplasty in patients of puj obstuction in adults
260 _c2014
650 _aMEDICINE
700 _a Dr. J. S. Sandhu Gu.
_9549672
700 _a Dr. S. S. Sidhu Gu.
_9549673
700 _aUniversity OF Delhi. Faculty OF Medical Sciences. Department OF Urology
_9541766
942 _cDIS
_2CC
999 _c884276
_d884276